000 00433nam a2200205Ia 4500
001 13568
003 GE_BSU
008 181216s||||||||xx |||||||||||||| ||und||
020 _a0593057260
040 _cGE_BSU
080 _a821.111-3
100 _aForsyth,Frederick.
245 4 _aThe afghan.
260 _aLondon.
260 _bBantam press.
260 _c2006
300 _a343p;23cm.
653 _aThe afghan.
942 _cBK
999 _c46724
_d46724